| 000 | 01488nam a2200349Ia 4500 | ||
|---|---|---|---|
| 001 | ebr10631696 | ||
| 003 | CaPaEBR | ||
| 006 | m u | ||
| 007 | cr cn||||||||| | ||
| 008 | 121111s2013 ne a sb 000 0 eng d | ||
| 020 | _z9004233695 (hardback) | ||
| 020 | _z9004233709 (ebook) | ||
| 020 | _z9789004233690 (hardback) | ||
| 020 | _z9789004233706 (ebook) | ||
| 040 |
_aCaPaEBR _cCaPaEBR |
||
| 035 | _a(OCoLC)820730444 | ||
| 050 | 1 | 4 |
_aBL477 _b.A54 2013eb |
| 245 | 0 | 0 |
_aAngels of light? _h[electronic resource] : _bsanctity and the discernment of spirits in the early modern period / _cedited by Clare Copeland, Jan Machielsen. |
| 260 |
_aLeiden ; _aBoston : _bBrill, _c2013. |
||
| 300 |
_axiv, 306 p. : _bill. |
||
| 440 | 0 |
_aStudies in medieval and Reformation traditions, _x1573-4188 ; _vv. 164 |
|
| 504 | _aIncludes bibliographical references (p. [305]-306). | ||
| 533 |
_aElectronic reproduction. _bPalo Alto, Calif. : _cebrary, _d2013. _nAvailable via World Wide Web. _nAccess may be limited to ebrary affiliated libraries. |
||
| 650 | 0 |
_aAngels _xHistory _yEarly modern, 1500-1700. |
|
| 650 | 0 |
_aDemonology _xHistory _yEarly modern, 1500-1700. |
|
| 650 | 0 |
_aDevil _xHistory _yEarly modern, 1500-1700. |
|
| 655 | 7 |
_aElectronic books. _2local |
|
| 700 | 1 | _aCopeland, Clare. | |
| 700 | 1 | _aMachielsen, Jan. | |
| 710 | 2 | _aebrary, Inc. | |
| 856 | 4 | 0 |
_uhttp://site.ebrary.com/lib/rucke/Doc?id=10631696 _zAn electronic book accessible through the World Wide Web; click to view |
| 999 |
_c71676 _d71676 |
||